| 000 | 04407cam a22004214i 4500 | ||
|---|---|---|---|
| 003 | PE-LiUPU | ||
| 005 | 20250731183347.0 | ||
| 008 | 080915s2007 gw ao r 000 0 eng d | ||
| 020 | _a3866540051 | ||
| 020 | _a9783866540057 | ||
| 035 | _a(Sirsi) i9783866540057 | ||
| 040 |
_aPUJAV _bspa _cPUJAV _dPE-LiUPU _erda |
||
| 041 | 0 |
_aeng _afre _ager _aspa _aita |
|
| 082 | 0 | 4 |
_a729.4 _bC8 _221 |
| 245 | 0 | 0 |
_aContemporary color design / _ceditor Christiane Niemann. |
| 264 |
_aNew-York : _bDaab, _cc2007. |
||
| 300 |
_a383 páginas : _bilustraciones ; _c24 centímetros. |
||
| 336 |
_atext _2rdacontent |
||
| 337 |
_aunmediated _2rdamedia |
||
| 338 |
_avolume _2rdacarrier |
||
| 504 | _aÍndice: páginas 381-383. | ||
| 505 | 0 | _aYellow exhibition pavilion / 03 Munchen GbR, aavp architecture -- Indaten 355 A / and Base Paysagistes -- MQP, Maison de Quartier & Bibliothéque / aavp architecture -- RAG, Casa do Portugal / and Antonio VIRGA architecte, Architekten Prof. Arno Lederer -- Gustav von Schmoller School / Jórunn Ragnarsdóttir, Marc Oei -- Kirchgemeindezentrum (parish center) / Architektengemeinschaft Zimmerman -- Vajra Forest / Ryuichi Ashizawa Architects & Associates -- GM1607 / AT 103 -- 2006Feb01; Fachmarktzentrum M-City / BEHF Architekten, Ebner Hasenauer Ferenczy ZT GmbH -- Foodbar Nama; Jazzclub Bix / Bottega + Ehrhardt Architekten, bogevischs buero -- Student dormitory Felsennelkenanger / Hofmann Ritzer Architekten bda, Carlos Martinez Architekten -- Citylounge St. Gallen / and Pipilotti Rist, CODE UNIQUE Architekten -- Computing faculty of TU Dresden / Architektengemeinschaft Zimmerman -- Concept pavilion for Titan Industries; Wrap-3 / Collaborative Architecture -- White Blue Black / Daigo Ishi + Future-scape Architects -- Day-Care Centre Skanderborggade / Dorte Mandrup Architects -- Sports and Culture Centre: Crystal / Dorte Mandrup Architects, B & K+ Brandlhuber & Co. -- Ludskolen School / Friis & Moltke -- Camouflage House; Parts House Pavilion / Johnson Schmaling Architects -- Sale House / Johnston Marklee -- Deutshce Bank Lounge; Karim Rashid's Loft; Semiramis Hotel / Karim Rashid -- Wonderland Kindergarten / Ken Architekten BSA -- Penthouse A / Denis Kosutic -- Brillux-Administration Building and Customer Center; Freiherr-vom-Stein-Gymnansium / Kresing Architekten -- Momentum-St. Louis / The Lawrence Group Architects -- Heerema Marine Contractor / Lohmann's Architecture and Urban + Industrial Design -- head in / magma architecture -- Templestowe Primary School Multipurpose Hall / McBride Charles Ryan architecture + interior design -- Popakademie / Motorplan Architektur+Stadtplanung -- Netherlands Institute for Sound and Vision / Neutelings Riedijk Architecten -- Student Dormitory "Krabbesholm Art College" / Nervous in the Service -- Blue One Club; California Red Box Re-branding; Restaurant Golden Dynasty / Panorama International Ltd -- Rheinufergarage Mainz / Planungsgemeinschaft, Rheinufer Fischtorplatz-Kaisertorplatz -- Centralised Science Laboratories building at The Chinese University of HK / RMJM Hong Kong Ltd -- Montreal Convention Centre Expansion / Saia Barbarese Topouzanov architectes, Aedifica Inc -- Lassonde Building, School of Engineering / Saia Barbarese Topouzanov architectes, Menkés Shoner Dagenais Létourneux Architectes, Les Architectes Desnoyers Mercure et Associés -- Felissimo2; Kid's Republic Bookstore; Lattice in Beijing / SKSK architects -- Blizard Building / SMC Alsop, Almec -- Ensemble Pinnasberg; red + green between Reeperbahn and Habor -- "let's have a ball" sportastic / STADTGUT Architekten -- Jewish Historical Museum; Agora Theatre / UNStudio. | |
| 526 | _aP158 | ||
| 526 | _aP146 | ||
| 526 | _aP17 | ||
| 526 | _aP12 | ||
| 526 | _aP06 | ||
| 541 | _g003-001195; | ||
| 650 | 1 | 4 | _aDiseoño industrial. |
| 650 | 2 | 4 | _aColor en el arte. |
| 700 | 1 |
_aNiemann, Christiane, _eEditor |
|
| 910 |
_ajck _bebj _cebj _d20160624 |
||
| 942 |
_2ddc _cBOOK |
||
| 949 |
_a729.4 C8 _wDEWEY _c1 _i73786 _lCATALOGING _mBUL _p15.96 _r0 _sY _tBOOK _u24/06/16 _xINGENIERIA _PP06 _o.STAFF. Colección General _0compra |
||
| 994 |
_aC0 _bPEPRU |
||
| 596 | _a1 | ||
| 999 |
_a729.4 C8 _wDEWEY _c10156 _i73786 _d10156 _f2021-11-10 _g7 _lCCODEBUL1 _mBUL _p15.96 _q2 _r0 _sY _tBOOK _u2016-6-24 _xINGENIERIA _PP06 _0COMPRA _o.STAFF. Colección General |
||
| 980 |
_81 _gALBERTO SANCHEZ Responsable de Automatización |
||